مكتبة جامعة عجلون الوطنية

فهرس بحث المكتبة

Normal view MARC view
  • مشاريع صناعية-ادارة-مشاريع تجارية

Entry Topical Term

Number of records used in: 1

001 - CONTROL NUMBER

  • control field: 45446

003 - CONTROL NUMBER IDENTIFIER

  • control field: JO-AjAnu

005 - DATE AND TIME OF LATEST TRANSACTION

  • control field: 20230606081522.0

008 - FIXED-LENGTH DATA ELEMENTS

  • fixed length control field: 230606|| aca||aabn | a|a d

040 ## - CATALOGING SOURCE

  • Original cataloging agency: JO-AjAnu
  • Transcribing agency: JO-AjAnu

150 ## - HEADING--TOPICAL TERM

  • Topical term or geographic name entry element: مشاريع صناعية-ادارة-مشاريع تجارية

670 ## - SOURCE DATA FOUND

  • Source citation: Work cat.: (JO-AjAnu)23269: هيزرتش، روبرت/مايكل بتيرز؛ تدقيق وترجمة فاروق منصور, author 45445, تنظيم المشروعات: انشاء مشروع جديد وتطويره وادارنه=Enterpreneurship:Starting,Developing,and Managing a New Enterprise